000 00319nam a22001337a 4500
020 _a9693512391
040 _cNust
082 _a891.4398
_bINT
100 _aIntezar Hussain
_9127486
245 _aMulaqatein
260 _aLahore:
_bSang e meel Publications,
_c2001.
650 _aMulaqatein
_9127487
942 _2ddc
_cBK
999 _c612601
_d612601